000 00258nam a22001097a 4500
082 _a531.382 TIM'T
100 _aTHEORY OF ELASTICITY
_957378
245 _aTIMOSHENKO, S,GOODIER, J. N
260 _aNEWYORK
_bMCGRAW HILL
_c1951
300 _a506P
942 _cBK
999 _c567668
_d567668